Welcome to the official i-CATS University College Library system. If you are a new user, please contact our librarian for registration.

Entrepreneurship and new venture formation / (Record no. 2715)

MARC details
000 -LEADER
fixed length control field 00902nam a2200241 a 4500
003 - CONTROL NUMBER IDENTIFIER
control field OSt
005 - DATE AND TIME OF LATEST TRANSACTION
control field 20260401121605.0
008 - FIXED-LENGTH DATA ELEMENTS--GENERAL INFORMATION
fixed length control field 260401b |||||||| |||| 00| 0 eng d
020 ## - INTERNATIONAL STANDARD BOOK NUMBER
International Standard Book Number 0024317403
Terms of availability hardcover
020 ## - INTERNATIONAL STANDARD BOOK NUMBER
International Standard Book Number 9780024317407
Terms of availability (hardcover)
040 ## - CATALOGING SOURCE
Original cataloging agency DLC
Language of cataloging eng
Transcribing agency DLC
Modifying agency USM
-- iCATSUC
050 ## - LIBRARY OF CONGRESS CALL NUMBER
Classification number HB615
Item number .Z72 1996
100 ## - MAIN ENTRY--PERSONAL NAME
Personal name Zimmerer, Thomas W.,
Relator term author.
245 ## - TITLE STATEMENT
Title Entrepreneurship and new venture formation /
Statement of responsibility, etc. Thomas W. Zimmerer, & Norman M. Scarborough.
260 ## - PUBLICATION, DISTRIBUTION, ETC.
Place of publication, distribution, etc. Upper Saddle River, NJ. :
Name of publisher, distributor, etc. Prentice Hall Inc.,
Date of publication, distribution, etc. 1996.
300 ## - PHYSICAL DESCRIPTION
Extent xi, 680 p. :
Other physical details ill. ;
Dimensions 26 cm.
504 ## - BIBLIOGRAPHY, ETC. NOTE
Bibliography, etc. note Includes bibliographical references and index.
650 ## - SUBJECT ADDED ENTRY--TOPICAL TERM
Topical term or geographic name entry element Entrepreneurship
Geographic subdivision United States.
650 ## - SUBJECT ADDED ENTRY--TOPICAL TERM
Topical term or geographic name entry element Marketing
General subdivision Management
Geographic subdivision United States.
650 ## - SUBJECT ADDED ENTRY--TOPICAL TERM
Topical term or geographic name entry element New business enterprises
General subdivision Management
Geographic subdivision United States.
700 ## - ADDED ENTRY--PERSONAL NAME
Personal name Scarborough, Norman M.,
Relator term author.
942 ## - ADDED ENTRY ELEMENTS (KOHA)
Source of classification or shelving scheme Library of Congress Classification
Koha item type Books
Suppress in OPAC No
Holdings
Date last seen Total checkouts Full call number Barcode Copy number Price effective from Koha item type Lost status Source of classification or shelving scheme Damaged status Not for loan Collection Withdrawn status Home library Current library Shelving location Date acquired Cost, normal purchase price
01/04/2026   HB615 .Z72 1996 1002564 1 01/04/2026 Books   Library of Congress Classification     Open Collection   Dato Maznah Library & Information Services Dato Maznah Library & Information Services H Social Sciences 01/04/2026 79.90
Copyright CITM & Maznah Library, i-CATS University College 2025. All Rights Reserved